000 01078nas a2200313 4500
001 BR8301145
003 BR-BrBNA
005 20231205085450.0
007 ta
008 230509b bl.|||p| |||| 00| 00por d
040 _aBR-BrBNA
_bpor
_cBiblioteca Nacional de Agricultura
041 _a(Pt)
072 _aF60
100 1 _aLopes, N.F.
100 1 _aOliva, M.A.
100 1 _aFreitas, J.G. de
100 1 _aMelges, E.
100 1 _aBeltrao, N.E. de M.
245 1 _aAnalise de crescimento e conversao da energia solar em feijoeiro (Phaseolus vulgaris L.)submetido a tres niveis de densidade do fluxo radiante
246 1 _a[Growth analysis and conversion of solar energy in bean plant (Phaseolus vulgaris L.)submitted to three density levels of sunlight]
650 _aFEIJAO
650 _aFOTOSSINTESE
650 _aCRESCIMENTO
650 _aENERGIA SOLAR
650 _aRADIACAO SOLAR
773 0 _tRevista Ceres (Brazil)
_xISSN 0034-737X
_g(Nov 1982), v. 29(166) p. 586-606
_wBR8301145
909 _a202311
_bLúcia
_c55
_dLúcia Elande
942 _2AGRIS
_n0
_cANA
999 _c111599
_d111599